000 00871nam a2200241 i 4500
001 6236
003 ES-MaACL
005 20250826042744.0
007 t|
008 890908s1988 sp ||||1| spa d
020 _a84-7088-472-7
080 _a351.941(46)
100 1 _aEmbid Irujo, Antonio.
_947138
245 1 3 _aEl control de la administración pública por los comisionados parlamentarios autonómicos /
_cAntonio Embid Irujo.
260 _aMadrid :
_bInstituto Nacional de Administracion Publica,
_c1988.
300 _a284 p. ;
_c21 cm.
490 1 _aEstudios. Serie Administracion General
650 1 4 _aDefensor del pueblo.
_9141102
710 2 _aInstituto Nacional de Administración Pública (España)
_95139
830 0 _aEstudios. Serie Administracion General
_9227779
852 _aES-MaACL
_jL-13383
_bR.117027
_z. - rust.
999 _c6236
_d6236